| 000 | 01431cam a2200229 4500 | ||
|---|---|---|---|
| 001 | ##L136495 | ||
| 008 | 070205n2007 000 0 eng u | ||
| 035 | _a(Sirsi) u136495 | ||
| 041 | 0 | _aeng | |
| 050 | 0 | 4 | _a338.4569 $2 18 |
| 110 | 2 |
_aDavis Langdon _94649 |
|
| 245 | 0 | 0 |
_aWorld construction 2006-2007 _h[electronic resource] |
| 260 |
_a[S.l.] _bDavis Langdon _c2007 |
||
| 490 | 0 |
_aDavis Langdon World Construction _v2006-07 |
|
| 520 | _aReveals that overall growth in world construction activity stayed positive in 2006, but was less dynamic than over the last few years. Demand was strongest in the markets of Central and Eastern Europe, the Middle East and Asia. Global construction spending in 2006 was $4.6 trillion, up by 4.9% on 2005. The forecast for 2007 is a general slowdown in global construction activity, and over the medium term average global construction growth is predicted to slow to around 3% annually through to 2010. However, China, India and the countries of the former Soviet Union are promising exceptional growth rates during this period. The survey spans Africa, the Americas, Asia Pacific, Australasia, Europe and the Middle East. | ||
| 590 | _aKA | ||
| 650 | 2 | 4 | _aDAVIS LANGDON WORLD CONSTRUCTION |
| 651 | 4 | _aInternational | |
| 690 | _aBUILT ENVIRONMENT-CONSTRUCTION MARKET | ||
| 856 | 4 | 0 |
_uhttps://www.davislangdon.com _zView the item free of charge at www.davislangdon.com... |
| 942 | _n0 | ||
| 999 |
_c106411 _d106411 |
||